Who Will Cry When You Die? (Record no. 4392)

MARC details
000 -LEADER
fixed length control field 00329nam a2200133Ia 4500
008 - FIXED-LENGTH DATA ELEMENTS--GENERAL INFORMATION
fixed length control field 191201s2009 xx 000 0 und d
100 ## - MAIN ENTRY--PERSONAL NAME
Personal name SHARMA, Robin
245 #0 - TITLE STATEMENT
Title Who Will Cry When You Die?
250 ## - EDITION STATEMENT
Edition statement IMP
260 ## - PUBLICATION, DISTRIBUTION, ETC. (IMPRINT)
Place of publication, distribution, etc N. Delhi
Name of publisher, distributor, etc Jaico Publication House
Date of publication, distribution, etc 2009
300 ## - PHYSICAL DESCRIPTION
Extent 210
650 ## - SUBJECT ADDED ENTRY--TOPICAL TERM
Topical term or geographic name as entry element General Books
942 ## - ADDED ENTRY ELEMENTS (KOHA)
Source of classification or shelving scheme Dewey Decimal Classification
Koha item type Text Books
Holdings
Withdrawn status Lost status Source of classification or shelving scheme Damaged status Not for loan Collection code Home library Current library Date acquired Source of acquisition Cost, normal purchase price Bill Number Total Checkouts Full call number Acc. no. / Barcode Date last seen Date last borrowed Bill Date Koha item type Public note
    Dewey Decimal Classification     GENERAL PIET C-LIBRARY PIET C-LIBRARY 17/02/2010 Brijwasi books 225.00 1942 6 158.1 SHW 14697 16/02/2026 12/02/2026 06/02/2010 Text Books Stories and Novels

Design & Developed by: PIET Central Library
R70 Miles Stone Pattikalyana Samalkha Panipat 132102
mail ID :- [email protected], Phone No:- 0180-2569700 Ex.216